|
|
|
|
| LEADER |
00000nam0a2200000 4500 |
| 001 |
249791 |
| 005 |
20231101232514.0 |
| 035 |
|
|
|a (RuTPU)RU\TPU\book\271898
|
| 090 |
|
|
|a 249791
|
| 100 |
|
|
|a 20140207d1988 m y0rusy50 ca
|
| 101 |
0 |
|
|a rus
|
| 102 |
|
|
|a RU
|
| 105 |
|
|
|a a z 001zy
|
| 200 |
1 |
|
|a Расчет с помощью ЦВМ функций электрических цепей и их использование для нахождения реакций на различные воздействия
|e учебное пособие к курсовым работам по курсу ТОЭ
|f С. И. Масленникова, А. В. Салмин
|g Московское высшее техническое училище им. Н. Э. Баумана (МВТУ) ; под ред. Ю. В. Аболымова
|
| 210 |
|
|
|a Москва
|c Изд-во МВТУ
|d 1988
|
| 215 |
|
|
|a 43 с.
|c ил.
|
| 320 |
|
|
|a Библиогр.: с. 43.
|
| 606 |
1 |
|
|a Электрические цепи
|x Расчет на вычислительных машинах
|2 stltpush
|3 (RuTPU)RU\TPU\subj\27753
|9 51454
|
| 610 |
1 |
|
|a функции
|
| 610 |
1 |
|
|a программы
|
| 610 |
1 |
|
|a переходные процессы
|
| 610 |
1 |
|
|a установившиеся режимы
|
| 610 |
1 |
|
|a ЦВМ
|
| 610 |
1 |
|
|a цифровые вычислительные машины
|
| 610 |
1 |
|
|a учебные пособия
|
| 675 |
|
|
|a 621.3.011.7:681.3(075.8)
|v 3
|
| 700 |
|
1 |
|a Масленникова
|b С. И.
|
| 701 |
|
1 |
|a Салмин
|b А. В.
|
| 702 |
|
1 |
|a Аболымов
|b Ю. В.
|4 340
|
| 712 |
0 |
2 |
|a Московское высшее техническое училище им. Н. Э. Баумана (МВТУ)
|c (1943-1989)
|2 stltpush
|3 (RuTPU)RU\TPU\col\3064
|
| 801 |
|
1 |
|a RU
|b 63413507
|c 20140207
|
| 801 |
|
2 |
|a RU
|b 63413507
|c 20140219
|g RCR
|
| 942 |
|
|
|c BK
|